| 000 | 01086cam a22003134a 4500 | ||
|---|---|---|---|
| 090 | _c0 | ||
| 001 | 12331416 | ||
| 005 | 20011204093824.0 | ||
| 008 | 010301s2002 njua b 001 0 eng | ||
| 010 | _a2001021378 | ||
| 020 | _a0130328111 | ||
| 040 |
_aDLC _cDLC _dDLC |
||
| 042 | _apcc | ||
| 050 | 0 | 0 |
_aHG8051 _b.D65 2002 |
| 082 | 0 | 0 |
_a368 _221 _bDOR |
| 100 | 1 |
_aDorfman, Mark S., _d1945- |
|
| 245 | 1 | 0 |
_aIntroduction to Risk Management and Insurance / _cMark S. Dorfman. |
| 250 | _a7th ed. | ||
| 260 |
_aUpper Saddle River, N.J. : _bPrentice Hall, _cc2002. |
||
| 300 |
_axxi, 580 p. : _bill. ; _c26 cm. |
||
| 440 | 0 | _aPrentice Hall finance series | |
| 504 | _aIncludes bibliographical references and index. | ||
| 650 | 0 | _aInsurance. | |
| 650 | 0 | _aRisk (Insurance) | |
| 650 | 0 | _aRisk management. | |
| 942 |
_2ddc _cBB |
||
| 999 |
_c10367 _d10367 |
||